000 00843nam a22002537a 4500
003 UA-OsUOA
001 65248
007 ta
008 20091118b un ||||| |||| 00| 0 ukr d
100 _aЮхновський І. Р.
700 _aЛебеда Г. Б.
700 _aПопова Т. І.
090 _a656.34:656.07
_bЮ94
942 _cBK
040 _aUA-OsUOA
_bukr
_cUA-OsUOA
_dUA-OsUOA
245 _aТранспортний комплекс України. Залізничний транспорт
_bпроблеми та перспективи
300 _a288 с.
955 _a2
041 _aukr
080 _a656.34:656.07
260 _aК.
_c2006
650 7 _a656 Транспортні та поштові послуги. Організація та управління перевозки
_2UDC
999 _c351367
_d351367